000
00320nam a2200133Ia 4500
008
240624s9999 xx 000 0 und d
041
_a
eng
082
_a
920 SAN
100
_a
SANGHVI VIR
245
_a
LIFE MADHAVRAO SCINDIA
260
_c
2009
_a
New Delhi
_b
Penguin Books India
300
_a
355 : p.
365
_c
RS
_b
25
999
_c
18185
_d
18185